Financial fragility and the exchange rate regime
Na minha lista:
| Autor principal: | |
|---|---|
| Outros Autores: | |
| Formato: | Livro |
| Idioma: | inglês |
| Publicado em: |
Atlanta
Federal Reserve Bank of Atlanta
1997
|
| Colecção: | Working Paper
97-16 |
| Assuntos: | |
| Tags: |
Sem tags, seja o primeiro a adicionar uma tag!
|
MARC
| LEADER | 00000nam a2200000 4500 | ||
|---|---|---|---|
| 001 | c100211 | ||
| 005 | 20221124074625.7 | ||
| 041 | 0 | |a eng | |
| 044 | |a US | ||
| 245 | 1 | 0 | |a Financial fragility and the exchange rate regime |c Roberto Chang and Andres Velasco |
| 264 | 1 | |a Atlanta |b Federal Reserve Bank of Atlanta |c 1997 | |
| 300 | |a 57 s. | ||
| 490 | 1 | |a Working Paper |v 97-16 | |
| 830 | 0 | |a Working Paper |v 97-16 | |
| 610 | 2 | 0 | |a kurz menový |
| 610 | 2 | 0 | |a kríza finančná |
| 610 | 2 | 0 | |a politika devízová |
| 610 | 2 | 0 | |a politika menová |
| 610 | 2 | 0 | |a banky centrálne |
| 100 | 1 | |a Chang, Roberto | |
| 700 | 1 | |a Velasco, Andres | |